000 00449nam a2200145 a 4500
001 000031017
005 20200930062643.0
008 110610s1944 dr 000 0 spa d
040 _aDO-SdBNP
_bspa
_cBNPHU
245 0 0 _aPoesía Dominicana /
_cRafael Emilio Sanabia.
260 _aSantiago, República Dominicana :
_bEditorial La Información,
_c1944.
300 _a305 p. ;
_c23 cm.
700 1 _aSanabia, Rafael Emilio
_ecomp.
_926438
049 _aBNPD
999 _c30509
_d30509